| 000 | 00373nam a22001337a 4500 | ||
|---|---|---|---|
| 020 | _a0-07-012430-2 | ||
| 082 | _a621 ENE'C | ||
| 100 |
_aCONSIDINE, DOUGLAS M _941557 |
||
| 245 | _aENERGY TECHNOLOGY HANDBOOK | ||
| 260 |
_aNEWYORK _bMCGRAW HILL _c1977 |
||
| 300 | _a9-406P | ||
| 650 |
_aPOWER MECHANICS HANDBOOK MANUALS POWER RESOURCES HANDBOOK MANULS _975024 |
||
| 942 | _cBK | ||
| 999 |
_c580521 _d580521 |
||